LEADER 01399nam a2200289 u 4500 001 000000069733 003 CaOOAMICUS 005 20070226121938.0 008 020418s1979 is o u000 u fre u 035 $a10927105 040 $aPUL(R)$bita 100 1 $aSamama, Théodore,$cS.C.I.$0(OLS)http://pul/name/46371 245 13$aLa vertu de religion dans l'Islam :$bcomposantes et manifestations concrètes en Terre Sainte /$cThéodore Samama. 260 $aJerusalem :$bFranciscan Printing Press,$c1979. 300 $av. <1- > :$bill. ;$c25 cm 500 $aContiene indici. 500 $a"Extrait de la these" 502 $aDiss. (doct).-- Pontificia Universitas Lateranensis. 504 $aBibliografia p. 13-16 ed in nota. 650 4$aIslam$xTeologia.$0(OLS)http://pul/subject/14207 850 $aPUL 852 $aPUL$W1$xDP1 Cons. Gen., Altre Classi 1$y22$m780 I 1$j90288$nBK-PRI$b $qStampati$B90288$CPULBib$Z2$F90288 $H47300 $81 852 $aPUL$W1$xDP1 Tesi Pon Univ. Lateranense$y41$mTH PUL.THEOL 340$j90289$nBK-PRI$b $qTesi$B90289$CPULBib$Z2$F90289 $HPUL49718 $81 941 1 $a8 941 1 $a16 996 $6245$aLa vertu de religion dans l'Islam :$bcomposantes et manifestations concrètes en Terre Sainte$9(OLS)http://pul/title/92045 996 $6260$aJerusalem :$bFranciscan Printing Press$9(OLS)http://pul/publisher/47907 LEADER 01375nam a2200289 u 4500 001 000000087584 003 CaOOAMICUS 005 20070226124424.0 008 051017s1949 be u000 u fre u 035 $a11064140 040 $aPUL$bita 100 1 $aHild, J.$0(OLS)http://pul/name/25980 245 10$aDimanche et vie pascale :$bthèmes bibliques et liturgiques présentés dans l'esprit des pères de l'église /$cDom J. Hild, O.S.B. 260 $aTurnhout :$bBrepols ;$aParis ,$c1949. 300 $a466 p. ;$c19 cm 490 1 $aExsultet ;$v1 504 $aBibliografia in nota. 630 04$aBiblia$xMeditazioni.$0(OLS)http://pul/subject/22029 650 4$aDomenica.$0(OLS)http://pul/subject/5874 830 0$aExsultet ;$v1.$0(OLS)http://pul/title/113317 850 $aPUL 852 $aPUL$W1$xDP1 Fondo Pastorale$y55$mP2 B 16$j111018$nBK-PRI$b $qFondi$B111018$CPULBib$Z2$F111018 $H $81 852 $aPUL$W1$xDP1 Fondo Bordoni$y120$m3 L 52$j167915$qFondi$B176452$CPULBib$Z2$F176452 $HBor394 $81 941 1 $a1 996 $6245$aDimanche et vie pascale :$bthèmes bibliques et liturgiques présentés dans l'esprit des pères de l'église$9(OLS)http://pul/title/113316 996 $6260$aTurnhout :$bBrepols$9(OLS)http://pul/publisher/47850 996 $6260$aParis $9(OLS)http://pul/publisher/77694